Etiqueta de registo: 00699cam 2200241 450
001 1081779
003 http://id.bnportugal.gov.pt/bib/catbnp/1081779
005 20021014102300.0
010 ## $a972-610-455-6
021 ## $aPT$b170964/01
100 ## $a20020418d2001 c y0pory0103 ba
101 0# $apor
102 ## $aPT
105 ## $aa z 000fy
106 ## $ar
200 1# $aMatilde tem muitos amigos!!!$fhistória e il. Mary Katherine Martins e Silva
205 ## $a1ª ed
210 #9 $aPorto$cCampo das Letras,$dcop. 2001
215 ## $a[39] p.$cil.$d15x21 cm$eguia de pais (15 p.)
225 2# $aMatilde$v5
675 ## $a087.5$vBN$zpor$3287999
675 ## $a821.134.3-93"19/20"$vBN$zpor$31119478
675 ## $a821.134.3-34"19/20"$vBN$zpor$31120541
700 #1 $aSilva,$bMary Katherine Martins e$3962694
900 ## $aBIBNAC$d20130602
966 ## $lBN$mFGMON$sP. 12491 P.$x1
966 ## $lBN$mFGMON$sP. 12491 P.$x1
Etiqueta de registo: 00704cam 2200241 450
001 1081780
003 http://id.bnportugal.gov.pt/bib/catbnp/1081780
005 20021014102500.0
010 ## $a972-610-456-4
021 ## $aPT$b170965/01
100 ## $a20020418d2001 b y0pory0103 ba
101 0# $apor
102 ## $aPT
105 ## $aa z 000fy
106 ## $ar
200 1# $aMailde$eVasco, este é o bacio!!!$fhistória e il. Mary Katherine Martins e Silva
205 ## $a1ª ed
210 #9 $aPorto$cCampo das Letras,$dcop. 2001
215 ## $a[39] p.$cil.$d15x21 cm
225 2# $aMatilde$v6
675 ## $a087.5$vBN$zpor$3287999
675 ## $a821.134.3-93"19/20"$vBN$zpor$31119478
675 ## $a821.134.3-34"19/20"$vBN$zpor$31120541
700 #1 $aSilva,$bMary Katherine Martins e$3962694
900 ## $aBIBNAC$d20130602
966 ## $lBN$mFGMON$sP. 12490 P.$x1
966 ## $lBN$mFGMON$sP. 12490 P.$x1
Etiqueta de registo: 00746cam 2200253 450
001 1687093
003 http://id.bnportugal.gov.pt/bib/catbnp/1687093
010 ## $a972-610-224-3
021 ## $aPT$b143730/99
100 ## $a20080710d2007 bc y0pory0103 ba
101 0# $apor
102 ## $aPT
105 ## $aa z 000fy
106 ## $ar
200 1# $aMatilde vai para o Jardim de Infância$fhistória e il. Mary Katherine Martins e Silva
205 ## $a4ª ed
210 #9 $aPorto$cCampo das Letras,$d2007
215 ## $a[37] p.$cil.$d15 cm$eguia de pais em envelope (16 p.)
225 2# $aMatilde$v2
675 ## $a087.5$vBN$zpor$3287999
675 ## $a821.134.3-93"19/20"$vBN$zpor$31119478
675 ## $a821.134.3-34"19/20"$vBN$zpor$31120541
700 #1 $aSilva,$bMary Katherine Martins e$3962694
801 #0 $aPT$bBN$gRPC
900 ## $aBIBNAC$d20130602
966 ## $lBN$mFGMON$sP. 15296 P.$x1
966 ## $lBN$mFGMON$sP. 15296 P.-D $x1
Etiqueta de registo: 00704nam 2200241 450
001 1346598
003 http://id.bnportugal.gov.pt/bib/catbnp/1346598
005 20051007131947.0
010 ## $a972-610-875-6
021 ## $aPT$b217656/04
100 ## $a20050804d2004 bc y0pory0103 ba
101 0# $apor
102 ## $aPT
105 ## $aa z 000fy
106 ## $ar
200 1# $aMatilde$evai para a escola!!!$fhistória e il. Mary Katherine Martins e Silva
205 ## $a1ª ed
210 #9 $aPorto$cCampo das Letras,$d2004
215 ## $a[37] p.$cil.$d15x21 cm$eguia de pais (14 p.)
225 2# $aMatilde$v10
675 ## $a087.5$vBN$zpor$3287999
675 ## $a821.134.3-93"19/20"$vBN$zpor$31119478
675 ## $a821.134.3-34"19/20"$vBN$zpor$31120541
700 #1 $aSilva,$bMary Katherine Martins e$3962694
900 ## $aBIBNAC$d20130602
966 ## $lBN$mFGMON$sP. 13894 P.$x1
966 ## $lBN$mFGMON$sP. 13894 P.-D $x1
Etiqueta de registo: 00230nam 2200025 450
001 1687664
003 http://id.bnportugal.gov.pt/bib/catbnp/1687664
010 ## $a978-972-6103-21-9
021 ## $aPT$b156980/00
100 ## $a20080717d2007 b y0pory0103 ba
101 0# $apor
102 ## $aPT
105 ## $aa z 000fy
106 ## $ar
200 1# $aMatilde$evai-te embora ó medo!!!$fhistória e il. Mary Katherine Martins e Silva
205 ## $a4ª ed
210 #9 $aPorto$cCampo das Letras,$d2007
215 ## $a[26] p.$cil.$d15 x 21 cm$e(guia de pais 15 p. em envelope)
225 2# $aMatilde$v4
675 ## $a087.5$vBN$zpor$3287999
675 ## $a821.134.3-93"19/20"$vBN$zpor$31119478
675 ## $a821.134.3-34"19/20"$vBN$zpor$31120541
700 #1 $aSilva,$bMary Katherine Martins e$3962694
801 #0 $aPT$bBN$gRPC
900 ## $aBIBNAC$d20130602
966 ## $lBN$mFGMON$sP. 15390 P.$x1
966 ## $lBN$mFGMON$sP. 15390 P.-D $x1
Etiqueta de registo: 00552cam 2200205 450
001 1228287
003 http://id.bnportugal.gov.pt/bib/catbnp/1228287
010 ## $a972-610-640-0
021 ## $aPT$b195534/03
100 ## $a20031118d2003 b y0pory0103 ba
101 0# $apor
102 ## $aPT
105 ## $aa z 000fy
106 ## $ar
200 1# $aMatilde$edescobre a arte!!!$fhistória e il. Mary Katherine Martins e Silva
205 ## $a1ª ed
210 #9 $aPorto$cCampo das Letras,$d2003
215 ## $a[36] p.$cil.$d15x21 cm
225 2# $aMatilde$v8
675 ## $a087.5$vBN$zpor$3287999
675 ## $a821.134.3-93"19/20"$vBN$zpor$31119478
675 ## $a821.134.3-34"19/20"$vBN$zpor$31120541
700 #1 $aSilva,$bMary Katherine Martins e$3962694
900 ## $aBIBNAC$d20130602
966 ## $lBN$mFGMON$sP. 13184 P.$x1
966 ## $lBN$mFGMON$sP. 13184 P.$x1
Etiqueta de registo: 00714nam 2200241 450
001 1346578
003 http://id.bnportugal.gov.pt/bib/catbnp/1346578
005 20051007131932.0
010 ## $a972-610-639-7
021 ## $aPT$b217655/04
100 ## $a20050721d2004 c y0pory0103 ba
101 0# $apor
102 ## $aPT
105 ## $aa z 000fy
106 ## $ar
200 1# $aMatilde brinca com as letras!!!$fhistória e il. Mary Katherine Martins e Silva
205 ## $a1ª ed
210 #9 $aPorto$cCampo das Letras,$d2004
215 ## $a[40] p.$cil.$d15 x 21 cm$eguia de pais (15 p.)
225 2# $aMatilde$v9
675 ## $a087.5$vBN$zpor$3287999
675 ## $a821.134.3-93"19/20"$vBN$zpor$31119478
675 ## $a821.134.3-34"19/20"$vBN$zpor$31120541
700 #1 $aSilva,$bMary Katherine Martins e$3962694
801 #0 $aPT$bBN$gRPC
900 ## $aBIBNAC$d20130602
966 ## $lBN$mFGMON$sP. 13893 P.$x1
966 ## $lBN$mFGMON$sP. 13893 P.-D $x1
Etiqueta de registo: 00588cam 2200205 450
001 1228290
003 http://id.bnportugal.gov.pt/bib/catbnp/1228290
010 ## $a972-610-641-9
021 ## $aPt$b195535/03
100 ## $a20031118d2003 b y0pory0103 ba
101 0# $apor
102 ## $aPT
105 ## $aa z 000fy
106 ## $ar
200 1# $aMatilde$emas que grande constipação!!!$fTexto e il. Mary Katherine Martins e Silva
205 ## $a1ª ed
210 #9 $aPorto$cCampo das Letras,$d2003
215 ## $a[36] p.$cmuito il.$d15x21 cm$eguia de pais (13 p.)
225 2# $aMatilde$v7
675 ## $a087.5$vBN$zpor$3287999
675 ## $a821.134.3-93"19/20"$vBN$zpor$31119478
675 ## $a821.134.3-34"19/20"$vBN$zpor$31120541
700 #1 $aSilva,$bMary Katherine Martins e$3962694
900 ## $aBIBNAC$d20130602
966 ## $lBN$mFGMON$sP. 13183 P.$x1
966 ## $lBN$mFGMON$sP. 13183 P.$x1
Etiqueta de registo: 00746cam 2200253 450
001 1032871
003 http://id.bnportugal.gov.pt/bib/catbnp/1032871
005 20001129175100.0
010 ## $a972-610-224-3
021 ## $aPT$b143730/99
100 ## $a20000915d1999 bc y0pory0103 ba
101 0# $apor
102 ## $aPT
105 ## $aa z 000fy
106 ## $ar
200 1# $aMatilde vai para o Jardim de Infância$fhistória e il. Mary Katherine Martins e Silva
205 ## $a1ª ed
210 #9 $aPorto$cCampo das Letras,$d1999
215 ## $a[37] p.$cil.$d15 cm$e1 livrete em bolsa
225 2# $aMatilde$v2
675 ## $a087.5$vBN$zpor$3287999
675 ## $a821.134.3-93"19/20"$vBN$zpor$31119478
675 ## $a821.134.3-34"19/20"$vBN$zpor$31120541
700 #1 $aSilva,$bMary Katherine Martins e$3962694
966 ## $lBN$mFGMON$sP. 12097 P.$x1
966 ## $lBN$mFGMON$sP. 12097 P.$x1
Etiqueta de registo: 00725cam 2200253 450
001 1032870
003 http://id.bnportugal.gov.pt/bib/catbnp/1032870
005 20011130160900.0
010 ## $a972-610-223-5
021 ## $aPT$b143729/99
100 ## $a20000915d1999 bc y0pory0103 ba
101 0# $apor
102 ## $aPT
105 ## $aa z 000fy
106 ## $ar
200 1# $aMatilde$equem é?$fhistória e il. Mary Katherine Martins e Silva
205 ## $a1ª ed
210 #9 $aPorto$cCampo das Letras,$d1999
215 ## $a[37] p.$cil.$d15 cm$e1 livrete em bolsa
225 2# $aMatilde$v1
675 ## $a087.5$vBN$zpor$3287999
675 ## $a821.134.3-93"19/20"$vBN$zpor$31119478
675 ## $a821.134.3-34"19/20"$vBN$zpor$31120541
700 #1 $aSilva,$bMary Katherine Martins e$3962694
966 ## $lBN$mFGMON$sP. 12096 P.$x1
966 ## $lBN$mFGMON$sP. 12096 P.$x1
Etiqueta de registo: 00725nam 2200253 450
001 1964096
003 http://id.bnportugal.gov.pt/bib/catbnp/1964096
010 ## $a978-989-707-406-6
021 ## $aPT$b421863/17
100 ## $a20170530d2017 b y0pory01030103ba
101 0# $apor
102 ## $aPT
105 ## $aa z 000fy
106 ## $ar
200 1# $aMatilde quem é?$ftexto e il. Mary Katherine Martins e Silva
205 ## $a1ª ed
210 #9 $aAmadora$cBooksmile,$d2017
215 ## $a37 p.$cil.$d24 cm
225 2# $aMatilde$v1
675 ## $a087.5$vBN$zpor$3287999
675 ## $a821.134.3-93"19/20"$vBN$zpor$31119478
675 ## $a821.134.3-34"19/20"$vBN$zpor$31120541
700 #1 $aSilva,$bMary Katherine Martins e$3962694
801 #0 $aPT$bBN$gRPC
856 41 $uhttp://rnod.bnportugal.gov.pt/ImagesBN/winlibimg.aspx?skey=&doc=1964096&img=95058&save=true
900 ## $aBIBNAC$d20170627
966 ## $lBN$mFGMON$sP. 47559 V.$x1
966 ## $lBN$mFGMON$sP. 47559 V.-D$x1
Etiqueta de registo: 00746nam 2200253 450
001 1964086
003 http://id.bnportugal.gov.pt/bib/catbnp/1964086
010 ## $a978-989-707-407-3
021 ## $aPT$b421862/17
100 ## $a20170530d2017 bc y0pory0103 ba
101 0# $apor
102 ## $aPT
105 ## $aa z 000fy
106 ## $ar
200 1# $aMatilde vai para o Jardim de Infância$ftexto e il. Mary Katherine Martins e Silva
205 ## $a5ª ed
210 #9 $aAmadora$cBooksmile,$d2017
215 ## $a45 p.$cmuito il.$d24 cm
225 2# $aMatilde$v2
675 ## $a087.5$vBN$zpor$3287999
675 ## $a821.134.3-93"19/20"$vBN$zpor$31119478
675 ## $a821.134.3-34"19/20"$vBN$zpor$31120541
700 #1 $aSilva,$bMary Katherine Martins e$3962694
801 #0 $aPT$bBN$gRPC
856 41 $uhttp://rnod.bnportugal.gov.pt/ImagesBN/winlibimg.aspx?skey=&doc=1964086&img=95217&save=true
900 ## $aBIBNAC$d20170704
966 ## $lBN$mFGMON$sP. 47563 V.$x1
966 ## $lBN$mFGMON$sP. 47563 V.-D$x1
Etiqueta de registo: 00230nam 2200025 450
001 1975986
003 http://id.bnportugal.gov.pt/bib/catbnp/1975986
010 ## $a978-989-707-409-7
021 ## $aPT$b427262/17
100 ## $a20171109d2017 b y0pory01030103ba
101 0# $apor
102 ## $aPT
105 ## $aa z 000fy
106 ## $ar
200 1# $aMatilde, vem aí um mano!$fMary Katherine Martins e Silva
205 ## $a1ª ed
210 #9 $aAmadora$cFábula,$d2017
215 ## $a45 p.$cil.$d24 cm
225 2# $aMatilde$v4
675 ## $a087.5$vBN$zpor$3287999
675 ## $a821.134.3-93"19/20"$vBN$zpor$31119478
675 ## $a821.134.3-34"19/20"$vBN$zpor$31120541
700 #1 $aSilva,$bMary Katherine Martins e$3962694
801 #0 $aPT$bBN$gRPC
856 41 $uhttp://rnod.bnportugal.gov.pt/ImagesBN/winlibimg.aspx?skey=&doc=1975986&img=101781&save=true
900 ## $aBIBNAC$d20171227
966 ## $lBN$mFGMON$sP. 49312 V.$x1
966 ## $lBN$mFGMON$sP. 49312 V.-D$x1
Etiqueta de registo: 00230nam 2200025 450
001 1975979
003 http://id.bnportugal.gov.pt/bib/catbnp/1975979
010 ## $a978-989-707-408-0
021 ## $aPT$b427261/17
100 ## $a20171109d2017 b y0pory01030103ba
101 0# $apor
102 ## $aPT
105 ## $aa z 000fy
106 ## $ar
200 1# $aMatilde, vai-te embora ó medo!$fMary Katherine Martins e Silva
205 ## $a1ª ed
210 #9 $aAmadora$cFábula,$d2017
215 ## $a45 p.$cil.$d24 cm
225 2# $aMatilde$v3
675 ## $a087.5$vBN$zpor$3287999
675 ## $a821.134.3-93"20"$vBN$zpor$31046482
675 ## $a821.134.3-34"20"$vBN$zpor$31018838
700 #1 $aSilva,$bMary Katherine Martins e$3962694
801 #0 $aPT$bBN$gRPC
856 41 $uhttp://rnod.bnportugal.gov.pt/ImagesBN/winlibimg.aspx?skey=&doc=1975979&img=101550&save=true
900 ## $aBIBNAC$d20171218
966 ## $lBN$mFGMON$sP. 49143 V.$x1
966 ## $lBN$mFGMON$sP. 49143 V.-D$x1
Etiqueta de registo: 00000nam 2200025 450
001 1984945
003 http://id.bnportugal.gov.pt/bib/catbnp/1984945
010 ## $a978-989-707-410-3
021 ## $aPT$b431269/17
100 ## $a20180312d2017 b y0pory01030103ba
101 0# $apor
102 ## $aPT
105 ## $aa z 000fy
106 ## $ar
200 1# $aMatilde descobre a arte!$ftexto e il. Mary Katherine Martins e Silva
205 ## $a1ª ed
210 #9 $aAmadora$cFábula,$d2017
215 ## $a45 p.$cil.$d24 cm
225 2# $aMatilde$v5
675 ## $a087.5$vBN$zpor$3287999
675 ## $a821.134.3-93"19/20"$vBN$zpor$31119478
675 ## $a821.134.3-34"19/20"$vBN$zpor$31120541
700 #1 $aSilva,$bMary Katherine Martins e$3962694
801 #0 $aPT$bBN$gRPC
856 41 $uhttp://rnod.bnportugal.gov.pt/ImagesBN/winlibimg.aspx?skey=&doc=1984945&img=107168&save=true
900 ## $aBIBNAC$d20180319
966 ## $lBN$mFGMON$sP. 49993 V.$x1
966 ## $lBN$mFGMON$sP. 49993 V.-D$x1
Etiqueta de registo: 00230nam 2200025 450
001 1984416
003 http://id.bnportugal.gov.pt/bib/catbnp/1984416
010 ## $a978-989-707-411-0
021 ## $aPT$b431270/17
100 ## $a20180306d2017 b y0pory01030103ba
101 0# $apor
102 ## $aPT
105 ## $aa z 000fy
106 ## $ar
200 1# $aMatilde tem muitos amigos!$fMary Katherine Martins e Silva
205 ## $a1ª ed
210 #9 $aAmadora$cFábula,$d2017
215 ## $a45 p.$cil.$d24 cm
225 2# $aMatilde$v6
675 ## $a087.5$vBN$zpor$3287999
675 ## $a821.134.3-93"19/20"$vBN$zpor$31119478
675 ## $a821.134.3-34"19/20"$vBN$zpor$31120541
700 #1 $aSilva,$bMary Katherine Martins e$3962694
801 #0 $aPT$bBN$gRPC
856 41 $uhttp://rnod.bnportugal.gov.pt/ImagesBN/winlibimg.aspx?skey=&doc=1984416&img=107813&save=true
900 ## $aBIBNAC$d20180404
966 ## $lBN$mFGMON$sP. 50125 V.$x1
966 ## $lBN$mFGMON$sP. 50125 V.-D$x1
Etiqueta de registo: 00230nam 2200025 450
001 1996852
003 http://id.bnportugal.gov.pt/bib/catbnp/1996852
010 ## $a978-989-707-408-0
021 ## $aPT$b427261/17
100 ## $a20180727d2018 c y0pory01030103ba
101 0# $apor
102 ## $aPT
105 ## $aa z 000fy
106 ## $ar
200 1# $aMatilde, vai-te embora ó medo!$fMary Katherine Martins e Silva
205 ## $a2ª ed
210 #9 $aPorto$cCampo das Letras,$d2018
215 ## $a45$cil.$d24 cm
225 2# $aMatilde$v3
675 ## $a087.5$vBN$zpor$3287999
675 ## $a821.134.3-93"19/20"$vBN$zpor$31119478
675 ## $a821.134.3-34"19/20"$vBN$zpor$31120541
700 #1 $aSilva,$bMary Katherine Martins e$3962694
801 #0 $aPT$bBN$gRPC
856 41 $uhttp://rnod.bnportugal.gov.pt/ImagesBN/winlibimg.aspx?skey=&doc=1996852&img=111569&save=true
900 ## $aBIBNAC$d20180906
966 ## $lBN$mFGMON$sP. 51094 V.$x1
966 ## $lBN$mFGMON$sP. 51094 V.-D$x1
Etiqueta de registo: 00704nam 2200241 450
001 1997577
003 http://id.bnportugal.gov.pt/bib/catbnp/1997577
010 ## $a978-989-707-619-0
021 ## $aPT$b436661/18
100 ## $a20180808d2018 b y0pory01030103ba
101 0# $apor
102 ## $aPT
105 ## $aa z 000fy
106 ## $ar
200 1# $aMailde$eVasco, este é o bacio!$f Mary Katherine Martins e Silva
205 ## $a1ª ed
210 #9 $aAmadora$cFábula,$d2018
215 ## $a45 p.$cmuito il.$d24 cm
225 2# $aMatilde$v7
675 ## $a087.5$vBN$zpor$3287999
675 ## $a821.134.3-93"19/20"$vBN$zpor$31119478
675 ## $a821.134.3-34"19/20"$vBN$zpor$31120541
700 #1 $aSilva,$bMary Katherine Martins e$3962694
801 #0 $aPT$bBN$gRPC
856 41 $uhttp://rnod.bnportugal.gov.pt/ImagesBN/winlibimg.aspx?skey=&doc=1997577&img=112349&save=true
900 ## $aBIBNAC$d20180910
966 ## $lBN$mFGMON$sP. 51105 V.$x1
Etiqueta de registo: 00588cam 2200205 450
001 2009375
003 http://id.bnportugal.gov.pt/bib/catbnp/2009375
010 ## $a978-989-707-618-3
021 ## $aPt$b436660/18
100 ## $a20181226d2018 c y0pory01030103ba
101 0# $apor
102 ## $aPT
105 ## $aa z 000fy
106 ## $ar
200 1# $aMas que grande constipação!$fMary Katherine Martins e Silva
205 ## $a1ª ed
210 #9 $aAmadora$cFábula,$d2018
215 ## $a45 p.$cil.$d24 cm
225 2# $aMatilde$v9
675 ## $a087.5$vBN$zpor$3287999
675 ## $a821.134.3-93"19/20"$vBN$zpor$31119478
675 ## $a821.134.3-34"19/20"$vBN$zpor$31120541
700 #1 $aSilva,$bMary Katherine Martins e$3962694
801 #0 $aPT$bBN$gRPC
856 41 $uhttp://rnod.bnportugal.gov.pt/ImagesBN/winlibimg.aspx?skey=&doc=2009375&img=119801&save=true
900 ## $aBIBNAC$d20190123
966 ## $lBN$mFGMON$sP. 52335 V.$x1
966 ## $lBN$mFGMON$sP. 52335 V.-D$x1
Etiqueta de registo: 00588cam 2200205 450
001 2009378
003 http://id.bnportugal.gov.pt/bib/catbnp/2009378
010 ## $a978-989-707-738-8
021 ## $aPt$b442308/18
100 ## $a20181226d2018 c y0pory01030103ba
101 0# $apor
102 ## $aPT
105 ## $aa z 000fy
106 ## $ar
200 1# $aBlhec! quem pôs isto no meu prato?$fMary Katherine Martins e Silva
205 ## $a1ª ed
210 #9 $aAmadora$cFábula,$d2018
215 ## $a45 p.$cil.$d24 cm
225 2# $aMatilde$v8
675 ## $a087.5$vBN$zpor$3287999
675 ## $a821.134.3-93"19/20"$vBN$zpor$31119478
675 ## $a821.134.3-34"19/20"$vBN$zpor$31120541
700 #1 $aSilva,$bMary Katherine Martins e$3962694
801 #0 $aPT$bBN$gRPC
856 41 $uhttp://rnod.bnportugal.gov.pt/ImagesBN/winlibimg.aspx?skey=&doc=2009378&img=118571&save=true
900 ## $aBIBNAC$d20190110
966 ## $lBN$mFGMON$sP. 52044 V.$x1
966 ## $lBN$mFGMON$sP. 52044 V.-D$x1
Etiqueta de registo: 00588nam 2200205 450
001 2023834
003 http://id.bnportugal.gov.pt/bib/catbnp/2023834
010 ## $a978-989-707-942-9
021 ## $aPt$b453674/19
100 ## $a20190611d2019 c y0pory01030103ba
101 0# $apor
102 ## $aPT
105 ## $aa z 000fy
106 ## $ar
200 1# $aVamos brincar a quê?$fMary Katherine Martins e Silva
205 ## $a1ª ed
210 #9 $aAmadora$cFábula,$d2019
215 ## $a45 p.$cil.$d24 cm
225 2# $aMatilde$v10
675 ## $a087.5$vBN$zpor$3287999
675 ## $a821.134.3-93"19/20"$vBN$zpor$31119478
675 ## $a821.134.3-34"19/20"$vBN$zpor$31120541
700 #1 $aSilva,$bMary Katherine Martins e$3962694
801 #0 $aPT$bBN$gRPC
856 41 $uhttp://rnod.bnportugal.gov.pt/ImagesBN/winlibimg.aspx?skey=&doc=2023834&img=126791&save=true
900 ## $aBIBNAC$d20190703
966 ## $lBN$mFGMON$sP. 53581 V.$x1
966 ## $lBN$mFGMON$sP. 53581 V.-D$x1
Etiqueta de registo: 00588nam 2200205 450
001 2031552
003 http://id.bnportugal.gov.pt/bib/catbnp/2031552
010 ## $a978-989-668-595-9
021 ## $aPt$b458529/19
100 ## $a20191017d2019 c y0pory01030103ba
101 0# $apor
102 ## $aPT
105 ## $aa z 000fy
106 ## $ar
200 1# $aMatilde, às voltas com as letras$fMary Katherine Martins e Silva
205 ## $a1ª ed
210 #9 $aAmadora$cFábula,$d2019
215 ## $a45 p.$cil.$d24 cm
225 2# $aMatilde$v11
675 ## $a087.5$vBN$zpor$3287999
675 ## $a821.134.3-93"19/20"$vBN$zpor$31119478
675 ## $a821.134.3-34"19/20"$vBN$zpor$31120541
700 #1 $aSilva,$bMary Katherine Martins e$3962694
801 #0 $aPT$bBN$gRPC
856 41 $uhttp://rnod.bnportugal.gov.pt/ImagesBN/winlibimg.aspx?skey=&doc=2031552&img=131276&save=true
900 ## $aBIBNAC$d20191030
966 ## $lBN$mFGMON$sP. 54341 V.$x1
966 ## $lBN$mFGMON$sP. 54341 V.-D$x1
Etiqueta de registo: 00000nam 2200025 450
001 2053848
003 http://id.bnportugal.gov.pt/bib/catbnp/2053848
010 ## $a978-989-668-995-7
021 ## $aPT$b468477/20
100 ## $a20200827d2020 cd y0pory01030103ba
101 0# $apor
102 ## $aPT
105 ## $aa z 000fy
106 ## $ar
200 1# $aÀ procura da matemática!$fMary Katherine Martins e Silva
205 ## $a1ª ed
210 #9 $aAmadora$cFábula,$d2020
225 2# $aMatilde$v12
675 ## $a087.5$vBN$zpor$3287999
675 ## $a821.134.3-93"19/20"$vBN$zpor$31119478
675 ## $a821.134.3-34"19/20"$vBN$zpor$31120541
700 #1 $aSilva,$bMary Katherine Martins e$3962694
801 #0 $aPT$bBN$gRPC
856 41 $uhttp://rnod.bnportugal.gov.pt/ImagesBN/winlibimg.aspx?skey=&doc=2053848&img=142160&save=true
900 ## $aBIBNAC$d20200908
966 ## $lBN$mFGMON$sP. 56305 V.$x1
966 ## $lBN$mFGMON$sP. 56305 V.-D$x1
Etiqueta de registo: 00000nam 2200025 450
001 2081395
003 http://id.bnportugal.gov.pt/bib/catbnp/2081395
010 ## $a978-989-564-347-9
021 ## $aPT$b481914/21
100 ## $a20211006d2021 c y0pory01030103ba
101 0# $apor
102 ## $aPT
105 ## $aa z 000fy
106 ## $ar
200 1# $aVamos decidir juntos!$fMary Katherine Martins e Silva
205 ## $a1ª ed
210 #9 $aAmadora$cFábula,$d2021
215 ## $a45 p.$cil.$d24 cm
225 2# $aMatilde$v13
675 ## $a087.5$vBN$zpor$3287999
675 ## $a821.134.3-93"19/20"$vBN$zpor$31119478
675 ## $a821.134.3-34"19/20"$vBN$zpor$31120541
700 #1 $aSilva,$bMary Katherine Martins e$3962694
801 #0 $aPT$bBN$gRPC
856 41 $uhttp://rnod.bnportugal.gov.pt/ImagesBN/winlibimg.aspx?skey=&doc=2081395&img=156692&save=true
900 ## $aBIBNAC$d20211105
966 ## $lBN$mFGMON$sP. 58759 V.$x1
966 ## $lBN$mFGMON$sP. 58759 V.-D$x1
971 ## $clrevez$d20211006
971 ## $cmcarvalho$d20211102
972 ## $d20211105$e0$vpenetra
Etiqueta de registo: 00000nam 2200025 450
001 2139126
003 http://id.bnportugal.gov.pt/bib/catbnp/2139126
010 ## $a978-989-623-664-9
021 ## $aPT$b509881/23
100 ## $a20230727d2023 c y0pory01030103ba
101 0# $apor
102 ## $aPT
105 ## $aa z 000fy
106 ## $ar
200 1# $aQuando se perde alguém$fMary Katherine Martins e Silva
205 ## $a1ª ed
210 #9 $aLisboa$cFábula,$d2023
215 ## $a45 p.$cil.$d24 cm
225 2# $aMatilde$v14
675 ## $a087.5$vBN$zpor$3287999
675 ## $a821.134.3-93"19/20"$vBN$zpor$31119478
700 #1 $aSilva,$bMary Katherine Martins e$3962694
801 #0 $aPT$bBN$gRPC
856 41 $uhttp://rnod.bnportugal.gov.pt/ImagesBN/winlibimg.aspx?skey=&doc=2139126&img=182098&save=true
900 ## $aBIBNAC$d20230816
966 ## $lBN$mFGMON$sP. 63498 V.$x1
966 ## $lBN$mFGMON$sP. 63498 V.-D$x1
971 ## $corlando$d20230727
972 ## $d20230816$e0$vlrevez$z0
973 ## $canasil$d20230731
Etiqueta de registo: 00254nam 2200025 450
001 2288559
003 http://id.bnportugal.gov.pt/bib/catbnp/2288559
100 ## $a20260623d2022 k y0pory01030103ba
101 0# $apor$deng
102 ## $aPT
105 ## $aa m 000yy
106 ## $ar
200 1# $a O papel do educador de infância no desenvolvimento das artes visuais$econtaminação - desenho de um projeto de diálogo com as artes numa galeria e numa sala
de jardim de infância$fMary Katherine Ribeiro Martins e Silva$gorient. Maria Margarida Teixeira Barradas Calado
210 #9 $aLisboa$c[s.n.],$d2022
215 ## $a214 f.$cil.$d30 cm$e1 CD-ROM
328 #1 $aTese dout. Belas-Artes (Ciências da Arte e do Património), Faculdade de Belas-Artes,
Universidade de Lisboa, 2022
700 #1 $aSilva,$bMary Katherine Martins e$3962694
702 #1 $aCalado,$bMargarida,$f1947-$4727$327442
801 #0 $aPT$bBN$gRPC
966 ## $lBN$mFGMON$x1
971 ## $cssilva$d20260623